[Event "Iberoamerican-ch 7th"]
[Site "Linares"]
[Date "2019.08.14"]
[Round "5"]
[White "Jesus Reyes, Javier"]
[Black "Esquivias Quintero, Luis Manuel"]
[Result "0-1"]
[WhiteElo "2021"]
[BlackElo "2282"]
[PlyCount "104"]
[EventDate "2019.08.10"]
[EventType "swiss"]
[EventRounds "9"]
[EventCountry "ESP"]
[SourceTitle "CBM 191 Extra"]
[Source "ChessBase"]
[SourceDate "2019.09.30"]
[SourceVersion "1"]
[SourceVersionDate "2019.09.30"]
[SourceQuality "1"]

1. d4 Nf6 2. c4 c5 3. d5 b5 4. Qc2 e6 5. e4 bxc4 6. Nc3 Bb7 7. Bxc4 exd5 8. exd5 d6 9. Bf4 Be7 10. Nge2 Nbd7 11. g4 Nxg4 12. Qf5 Nge5 13. Bb5 0-0 14. 0-0-0 Bc8 15. Rhg1 Ng6 16. Be3 a6 17. Bc6 Nde5 18. Qe4 Rb8 19. Ba4 Rb4 20. Qc2 Nc4 21. b3 Nxe3 22. fxe3 Bf6 23. Rdf1 Qe7 24. Qd2 Qe5 25. e4 c4 26. a3 Rxb3 27. Bxb3 cxb3 28. Kb2 Bd7 29. Kxb3 Rb8+ 30. Ka2 Bb5 31. Nxb5 Rxb5 32. Rb1 Qxe4 33. Rxb5 axb5 34. Rc1 h6 35. Rc8+ Kh7 36. Nc3 Qg4 37. Rc7 b4 38. Nb5 bxa3 39. Kxa3 Qf3+ 40. Ka4 Be5 41. Ka5 Qf6 42. Qc2 h5 43. h3 Qf3 44. Qc6 h4 45. Kb6 Qxh3 46. Rxf7 Qg3 47. Rf5 Qg4 48. Rf1 h3 49. Nxd6 h2 50. Nf7 Qg1+ 51. Qc5 Bd4 52. Ng5+ Kg8 0-1

[Event "Lisbon Christmas op"]
[Site "Lisbon"]
[Date "2014.12.30"]
[Round "9"]
[White "Lafourcade, Victor"]
[Black "Jesus Reyes, Javier"]
[Result "0-1"]
[WhiteElo "1585"]
[BlackElo "1907"]
[PlyCount "60"]
[EventDate "2014.12.26"]
[EventType "swiss"]
[EventRounds "9"]
[EventCountry "POR"]
[SourceTitle "EXT 2018"]
[Source "ChessBase"]
[SourceDate "2017.10.13"]
[SourceVersion "1"]
[SourceVersionDate "2017.10.13"]
[SourceQuality "1"]

1. d4 Nf6 2. Nc3 g6 3. e4 d6 4. f3 Bg7 5. Be3 0-0 6. Qd2 Nc6 7. h4 h5 8. Bh6 Bxh6 9. Qxh6 Nxd4 10. 0-0-0 e5 11. Bc4 Be6 12. Bxe6 Nxe6 13. Nd5 Nxd5 14. Rxd5 Qf6 15. g3 a5 16. Qe3 Nd4 17. c3 c6 18. cxd4 cxd5 19. dxe5 Qxe5 20. g4 Rac8+ 21. Kb1 dxe4 22. fxe4 Qc5 23. Qxc5 Rxc5 24. Nf3 hxg4 25. Nd4 Re8 26. Nb3 Rce5 27. Rg1 Rxe4 28. Nxa5 Re1+ 29. Rxe1 Rxe1+ 30. Kc2 g3 0-1